| 000 | 00566 a2200193 4500 | ||
|---|---|---|---|
| 005 | 20260310110010.0 | ||
| 008 | 260310b |||||||| |||| 00| 0 eng d | ||
| 020 | _a9781032984391 | ||
| 040 | _cSDCL | ||
| 041 |
_2eng _aeng |
||
| 084 | _aX:77.43'P R5 | ||
| 245 |
_aMapping Governance Innovations : _b Perspectives From South Asia |
||
| 260 |
_aLondon : _bRoutledge, _c2025. |
||
| 300 | _axxii, 281p. | ||
| 700 |
_aDhal, Sangita ed. _91131485 |
||
| 700 |
_aSingh, Nachiketa ed. _91131486 |
||
| 700 |
_aNasrullah, Amir Mohammad ed. _91131487 |
||
| 942 |
_cTEXL _2CC |
||
| 999 |
_c1672555 _d1672555 |
||